00289nam a2200121Ia 4500008004100000082001800041100001600059245003100075250000800106260002600114300001000140650001700150150201s2006 xx 000 0 und d a612.015bM06P aPURI,DINESH aTB OF MEDICAL BIOCHEMISTRY a2ND bELSEVIERaDELHIc2006 a1-900 aBIOCHEMISTRY